Southville International School and Colleges
Your cart is empty.
  • Cart
  • Lists
    Public lists Eva Luna New books Lux_list list_1
    Your lists Log in to create your own lists
  • Log in to your account
  • Your cookies
  • Search history
Southville International School and Colleges
  • Advanced search
  • Recent comments
  • Most popular
  • Libraries

Log in to your account

Log in with GOOGLE


If you do not have an external account, but do have a local account, you can still log in:

  1. Home
  2. MARC view: Introduction to organic and biochemistry /
Normal view MARC view ISBD view

Introduction to organic and biochemistry / (Record no. 357529)

[ view plain ]
MARC details
000 -LEADER
fixed length control field 00538nam a2200193Ia 4500
008 - FIXED-LENGTH DATA ELEMENTS--GENERAL INFORMATION
fixed length control field 180523s9999 xx 000 0 und d
020 ## - INTERNATIONAL STANDARD BOOK NUMBER
International Standard Book Number 981-254-511-5
050 ## - LIBRARY OF CONGRESS CALL NUMBER
Classification number MAIN QD 253.2
050 ## - LIBRARY OF CONGRESS CALL NUMBER
Item number .B48 2004
100 ## - MAIN ENTRY--PERSONAL NAME
Personal name Bettelheim, Frederick A.
245 #0 - TITLE STATEMENT
Title Introduction to organic and biochemistry /
245 #0 - TITLE STATEMENT
Statement of responsibility, etc Frederick A. Bettelheim, William H. Brown, Jerry March.
250 ## - EDITION STATEMENT
Edition statement 5th Edition
260 ## - PUBLICATION, DISTRIBUTION, ETC. (IMPRINT)
Name of publisher, distributor, etc Thomson Learning,
260 ## - PUBLICATION, DISTRIBUTION, ETC. (IMPRINT)
Date of publication, distribution, etc 2004
300 ## - PHYSICAL DESCRIPTION
Extent 522 pages :
300 ## - PHYSICAL DESCRIPTION
Dimensions 24 cm.
500 ## - GENERAL NOTE
General note Includes index.
Holdings
Withdrawn status Lost status Damaged status Home library Current library Shelving location Date acquired Cost, normal purchase price Total Checkouts Full call number Barcode Date last seen Price effective from Koha item type
      South Mansfield College South Mansfield College   06/20/2006 595.00   MAIN QD 253.2 .B48 2004 SMC03232 05/23/2018 05/23/2018  

Introduction to organic and biochemistry /

APA

Bettelheim F. A., .Introduction to organic and biochemistry. : Thomson Learning.

Chicago

Bettelheim Frederick A, .Introduction to organic and biochemistry. : Thomson Learning.

Harvard

Bettelheim F. A., .Introduction to organic and biochemistry. : Thomson Learning.

MLA

Bettelheim Frederick A, .: Thomson Learning. .

  • Place hold
  • Print
  • Cite
  • Add to your cart (remove)
  • Save record
    BIBTEX Dublin Core MARCXML MARC (non-Unicode/MARC-8) MARC (Unicode/UTF-8) MARC (Unicode/UTF-8, Standard) MODS (XML) RIS
  • More searches
    Search for this title in:
    Other Libraries (WorldCat) Other Databases (Google Scholar) Online Stores (Bookfinder.com) Open Library (openlibrary.org)

Exporting to Dublin Core...

SOUTHVILLE LIBRARY

Southville International School and Colleges Library

1281 Tropical Ave. Cor. Luxembourg St., BF Homes International, Las Pinas City

Tel. No. 8256374 / 252358 Loc. 117/146

Powered by Koha